MDQL
is popping MORE tags! Check the
thread
!
Quizzes
Events
Quiz Creation
Community
Videos
Private Events
Remove Ads
Sign In
Join for FREE
Feedback
Dark Mode
Quiz Categories
Sports
Geography
Music
Movies
Television
Just For Fun
Miscellaneous
History
Literature
Language
Science
Gaming
Entertainment
Religion
Holiday
For Kids
Quiz Lab
Recent
Popular Today
Quiz Kudos Today
Editor Picks
Curator Picks
Quizzes by...
Day
Popularity
Type
Ratings
Length
Year
Community
Subscriptions
Recent Discussions
Orange Saloon
Badges
Playlists
Quests
Create
Leaderboards
Showdown
Live 5
Trivia Bingo
Activity
Puzzle Library
Sporcle Events
Private Events
Virtual Trivia
Globe League
Become a Host
Pub Owners
SporcleCon
Opinionation
Our Games
Videos
Blog
Mobile Apps
Partnerships
Remove Ads and Go Orange
Feedback
Music
Pop Music
The Beatles
Song
Album
Lyrics
Bands
Singers
Artist
Clip
Rock
Rap
Classical
Billboard
Country Music
Kpop
Taylor Swift
Music
Pop Music
The Beatles
Song
Album
Lyrics
Bands
Singers
Artist
Clip
Rock
Rap
Classical
Billboard
Country Music
Kpop
Taylor Swift
Random Quiz
Search Sporcle
×
Quiz Lab
Quiz Lab
Music
Song
Type in answers that appear in a list
Type in answers that appear in a list
Classic
Best Score? Go Orange.
JJ Cale Songs Stats
Can you name the JJ Cale Songs?
By
MRoren
15m
233 Questions
23 Plays
23 Plays
23 Plays
Comments
Comments
Give Quiz Kudos
Give Quiz Kudos
-
- Ratings
hide this ad
Replay
Link that replays current quiz
Next Quiz
Link to next quiz in quiz playlist
You Got
0%
They Got
Avg Score
21%
Avg Friend Score
Upgrade to see
Score Distribution
Jump to the score distribution portion of the page
Score
0/233
Timer
15:00
0
Plays Today
Album
Song
% Correct
Troubadour
Cocaine
95.7%
Live
Cocaine
95.7%
Naturally
Call Me the Breeze
82.6%
Naturally
After Midnight
82.6%
Live
After Midnight
82.6%
Live
Call Me The Breeze
82.6%
Naturally
Magnolia
78.3%
Live
Magnolia
78.3%
Naturally
Clyde
69.6%
Really
Lies
69.6%
Okie
Cajun Moon
65.2%
Shades
Mama Don't
60.9%
Live
Mama Don't
60.9%
Naturally
Crazy Mama
56.5%
Troubadour
Cherry
56.5%
5
Friday
56.5%
Naturally
Don't Go To Strangers
52.2%
Troubadour
Travelin' Light
52.2%
5
Sensitive Kind
52.2%
Closer To You
Closer To You
52.2%
Live
Sensitive Kind
52.2%
Naturally
Call The Doctor
43.5%
Naturally
Woman I Love
43.5%
Okie
I'll Be There (If You Ever Want Me)
43.5%
Okie
Anyway the Wind Blows
43.5%
Troubadour
Hey Baby
43.5%
5
Thirteen Days
43.5%
5
I'll Make Love To You Anytime
43.5%
5
Don't Cry Sister
43.5%
Guitar Man
Guitar Man
43.5%
Live
Thirteen Days
43.5%
The Road to Escondido
Anyway the Wind Blows
43.5%
The Road to Escondido
Don't Cry Sister
43.5%
Naturally
Bringing It Back
39.1%
Okie
Rock And Roll Records
39.1%
Okie
Okie
39.1%
5
Let's Go To Tahiti
39.1%
Shades
Carry On
39.1%
Grasshopper
City Girls
39.1%
Grasshopper
Grasshopper
39.1%
#8
Money Talks
39.1%
Number 10
Artificial Paradise
39.1%
Live
Money Talks
39.1%
Roll On
Roll On
39.1%
Naturally
River Runs Deep
34.8%
Troubadour
I'm a Gypsy Man
34.8%
Shades
Wish I Had Not Said That
34.8%
Shades
What Do You Expect
34.8%
Grasshopper
Devil In Disguise
34.8%
Okie
Crying
30.4%
Okie
I Got The Same Old Blues
30.4%
5
Lou-Easy-Ann
30.4%
Shades
Cloudy Day
30.4%
Grasshopper
Downtown L.A.
30.4%
Travel-
Log
Lean On Me
30.4%
Live
Old Man
30.4%
To Tulsa and Back
Stone River
30.4%
To Tulsa and Back
The Problem
30.4%
Really
If You're Ever in Oklahoma
26.1%
Really
Mojo
26.1%
Okie
Starbound
26.1%
Troubadour
You Got Something
26.1%
Troubadour
Ride Me High
26.1%
Troubadour
Super Blue
26.1%
Troubadour
Let Me Do It To You
26.1%
5
Too Much For Me
26.1%
5
Fate Of A Fool
26.1%
5
Mona
26.1%
#8
Trouble In The City
26.1%
Live
Ride Me High
26.1%
To Tulsa and Back
Fancy Dancer
26.1%
To Tulsa and Back
Rio
26.1%
To Tulsa and Back
Blues for Mama
26.1%
The Road to Escondido
Danger
26.1%
The Road to Escondido
Ride The River
26.1%
Naturally
Nowhere To Run
21.7%
Really
Everything Will Be Alright
21.7%
Really
Changes
21.7%
Album
Song
% Correct
Really
Soulin'
21.7%
Okie
The Old Man And Me
21.7%
Okie
Everlovin' Woman
21.7%
Okie
Precious Memories
21.7%
Grasshopper
Drifter's Wife
21.7%
Grasshopper
Don't Wait
21.7%
#8
Hard Times
21.7%
#8
Reality
21.7%
#8
People Lie
21.7%
Travel-
Log
End Of The Line
21.7%
Travel-
Log
New Orleans
21.7%
Travel-
Log
River Boat Song
21.7%
Number 10
Jailer
21.7%
Closer To You
Hard Love
21.7%
Guitar Man
If I Had a Rocket
21.7%
Live
River Boat Song
21.7%
Live
People Lie
21.7%
To Tulsa and Back
Another Song
21.7%
The Road to Escondido
Heads In Georgia
21.7%
Roll On
Cherry Street
21.7%
Naturally
Crying Eyes
17.4%
Really
I'll Kiss the World Goodbye
17.4%
Really
Right Down Here
17.4%
Really
Ridin' Home
17.4%
Troubadour
Hold On
17.4%
Troubadour
The Woman That Got Away
17.4%
Shades
Deep Dark Dungeon
17.4%
Shades
Pack My Jack
17.4%
Shades
Runaround
17.4%
Grasshopper
One Step Ahead of the Blues
17.4%
Grasshopper
You Keep Me Hangin' On
17.4%
Grasshopper
Mississippi River
17.4%
#8
Losers
17.4%
#8
Unemployment
17.4%
#8
Teardrops in My Tequila
17.4%
Travel-
Log
Shanghaid
17.4%
Travel-
Log
No Time
17.4%
Travel-
Log
Lady Luck
17.4%
Travel-
Log
Tijuana
17.4%
Travel-
Log
Humdinger
17.4%
Number 10
Passion
17.4%
Number 10
Roll On Mama
17.4%
Closer To You
Rose In The Garden
17.4%
Closer To You
Brown Dirt
17.4%
Closer To You
Steve's Song
17.4%
Guitar Man
Low Down
17.4%
Guitar Man
This Town
17.4%
Live
Humdinger
17.4%
To Tulsa and Back
Chains Of Love
17.4%
To Tulsa and Back
Homeless
17.4%
The Road to Escondido
Missing Person
17.4%
The Road to Escondido
Dead End Road
17.4%
The Road to Escondido
It's Easy
17.4%
The Road to Escondido
Who Am I Telling You
17.4%
Roll On
Old Friend
17.4%
Roll On
Bring Down the Curtain
17.4%
Non Album B-
Sides and Compilation Tracks
Durango (From Any Way The Wind Blows: The Anthology)
17.4%
Really
Louisiana Women
13%
5
Katy Kool Lady
13%
Shades
Love Has Been Gone
13%
#8
Takin' Care of Business
13%
#8
Livin' Here Too
13%
Travel-
Log
That Kind of Thing
13%
Number 10
Low Rider
13%
Closer To You
Long Way Home
13%
Closer To You
Sho-Biz Blues
13%
Guitar Man
Death in the Wilderness
13%
Guitar Man
Days Go By
13%
Guitar Man
Old Blue
13%
Live
Living Here Too
13%
To Tulsa and Back
New Lover
13%
To Tulsa and Back
These Blues
13%
The Road to Escondido
When This War Is Over
13%
The Road to Escondido
Hard To Thrill
13%
The Road to Escondido
Three Little Girls
13%
Rewind: The Unreleased Recordings
Waymore's Blues
13%
Roll On
Who Knew
13%
Roll On
Strange Days
13%
Album
Song
% Correct
Non Album B-
Sides and Compilation Tracks
Riding Home (B-Side of Lies)
13%
Non Album B-
Sides and Compilation Tracks
Wish I Had Me A Dollar (From Any Way The Wind Blows: The Anthology)
13%
Troubadour
You Got Me On So Bad
8.7%
Grasshopper
Can't Live Here
8.7%
Grasshopper
Nobody But You
8.7%
Grasshopper
Dr. Jive
8.7%
Travel-
Log
Disadvantage
8.7%
Number 10
Take Out Some Insurance
8.7%
Closer To You
Devil's Nurse
8.7%
To Tulsa and Back
My Gal
8.7%
The Road to Escondido
Sporting Life Blues
8.7%
Rewind: The Unreleased Recordings
My Baby And me
8.7%
Rewind: The Unreleased Recordings
Lawdy Mama
8.7%
Rewind: The Unreleased Recordings
Out Of Style
8.7%
Roll On
Down to Memphis
8.7%
Roll On
Leaving In The Morning
8.7%
Non Album B-
Sides and Compilation Tracks
Santa Cruz (From Any Way The Wind Blows: The Anthology)
8.7%
Really
Goin' Down
4.3%
Really
Playing In The Street
4.3%
Shades
If You Leave Her
4.3%
Grasshopper
A Thing Going On
4.3%
Grasshopper
Does Your Mama Like to Reggae
4.3%
Travel-
Log
Change Your Mind
4.3%
Number 10
Lonesome Train
4.3%
Number 10
Feeling In Love
4.3%
Number 10
Traces
4.3%
Closer To You
Slower Baby
4.3%
Closer To You
Like You Used To
4.3%
Closer To You
Borrowed Time
4.3%
Closer To You
Ain't Love Funny
4.3%
Guitar Man
Perfect Woman
4.3%
Guitar Man
Miss Ol' St Louie
4.3%
Guitar Man
Nobody Knows
4.3%
To Tulsa and Back
Motormouth
4.3%
The Road to Escondido
Last Will and Testament
4.3%
Rewind: The Unreleased Recordings
Rollin'
4.3%
Rewind: The Unreleased Recordings
Golden Ring
4.3%
Rewind: The Unreleased Recordings
Since You Said Goodbye
4.3%
Rewind: The Unreleased Recordings
Bluebird
4.3%
Rewind: The Unreleased Recordings
Ooh La La
4.3%
Roll On
Where the Sun Don't Shine
4.3%
Roll On
Fonda-Lina
4.3%
Roll On
Oh Mary
4.3%
Non Album B-
Sides and Compilation Tracks
Blonde Headed Woman (From CD Sampler - Silvertone Records)
4.3%
Non Album B-
Sides and Compilation Tracks
Midnight In Memphis (From Any Way The Wind Blows: The Anthology)
4.3%
Non Album B-
Sides and Compilation Tracks
Things Ain't Simple (From Any Way The Wind Blows: The Anthology)
4.3%
The Leathercoated Minds -
A Trip Down The Sunset Strip
Eight Miles High
0%
The Leathercoated Minds -
A Trip Down The Sunset Strip
Sunset And Clark
0%
The Leathercoated Minds -
A Trip Down The Sunset Strip
Psychotic Reaction
0%
The Leathercoated Minds -
A Trip Down The Sunset Strip
Over Under Sideways Down
0%
The Leathercoated Minds -
A Trip Down The Sunset Strip
Sunshine Superman
0%
The Leathercoated Minds -
A Trip Down The Sunset Strip
Non-Stop
0%
The Leathercoated Minds -
A Trip Down The Sunset Strip
Arriba
0%
The Leathercoated Minds -
A Trip Down The Sunset Strip
Kicks
0%
The Leathercoated Minds -
A Trip Down The Sunset Strip
Mr. Tambourine Man
0%
The Leathercoated Minds -
A Trip Down The Sunset Strip
Puff (The Magic Dragon)
0%
The Leathercoated Minds -
A Trip Down The Sunset Strip
Along Comes Mary
0%
The Leathercoated Minds -
A Trip Down The Sunset Strip
Pot Luck
0%
Okie
I'd Like To Love You Woman
0%
5
Boilin' Point
0%
Number 10
Shady Grove
0%
Travel-
Log
Hold On Baby
0%
Travel-
Log
Who' Talking
0%
Number 10
Digital Blues
0%
Number 10
She's In Love
0%
Guitar Man
It's Hard To Tell
0%
Guitar Man
Doctor Told Me
0%
To Tulsa and Back
I Step
0%
Rewind: The Unreleased Recordings
Guess I Lose
0%
Rewind: The Unreleased Recordings
My Cricket
0%
Rewind: The Unreleased Recordings
Seven Day Woman
0%
Rewind: The Unreleased Recordings
Blue Sunday
0%
Rewind: The Unreleased Recordings
All Mama's Children
0%
Roll On
Former Me
0%
Non Album B-
Sides and Compilation Tracks
Juarez Blues (B-Side of Katy, Kool Lady)
0%
Non Album B-
Sides and Compilation Tracks
Love Is Hard To Find (B-Side of Long Way Home)
0%
Non Album B-
Sides and Compilation Tracks
Woke Up This Morning (From Any Way The Wind Blows: The Anthology)
0%
Quiz Playlist
Details
Report
Send in Message
Add To Playlist
Classic:
Type in answers that appear in a list
Quiz Source
Last Updated: Feb 16, 2017
Quiz Scoreboard
CHALLENGE
Sign Up to Join the Scoreboard
Show All
Scores
Hide
Comments
May contain spoilers
Recently Published
1-10 Letter E Words III
by El_Dandy
Language
2m
Street Fighter Characters
by Artimus82
Gaming
60s
College Basketball Coaching Resumes
by pancakes188
Sports
9m
More to Explore
Quiz From the Vault
Featured Blog Post
Where Did the Easter Bunny Come From?
hide this ad
You Might Also Like...
Tags
Album Quiz
Song Quiz
Today's Top Quizzes in Music
Browse Music
hide this ad
Today's Top Quizzes in Song
Browse Song
Top Contributed Quizzes in Music
1
Taylor Swift All Songs (2024)
2
Taylor Swift Logic Puzzle
3
Guess the Artist- 70s Songs
4
7-to-1: Billboard Hot 100 #1 Hits of 2010s
5
Sorting Albums and Songs
6
KPOP LOGIC QUIZ
7
Billboard Blitz: Aretha Franklin
8
Guess the Taylor Swift song (Mystery Song)
9
Guess The Taylor Swift Lyrics Song #1
10
Billboard Blitz: ABBA
Explore More
Trending Topics
Kpop
Disney
Harry Potter
NBA
Anime
Marvel
Crossword
Country
NFL
Song
WWE
Pokémon
The Office
Puzzle
Soccer
hide this ad
More By:
MRoren
Quiz
Plays
Rating
Category
Featured
Created
Avengers Members
1,160
3.20
Literature
Sep 26, 2010
Ultimate X-Men Members
827
3.00
Literature
Sep 20, 2010
X-Men Age Of Apocalypse teams
803
3.50
Literature
Sep 20, 2010
Christina Aguilera Songs
585
3.67
Music
Aug 21, 2011
Blur Songs
584
3.00
Music
Feb 1, 2012
Go to Creator's Profile
Score Distribution
Quiz Creator Spotlight
MRoren
Follow
Send a Message
Quizzes Created
-
Created Quiz Play Count
-
More By This Creator
Popular Quizzes Today
1
Find the US States - No Outlines Minefield
2
Find the Countries of Europe - No Outlines Minefield
3
Find the US States
4
The Countries of the World
5
Risky Map Clicking: Biggest States A-Z
6
US States
7
Popular People in 1961
8
Movies - When Are They Set?
More Music Quizzes
Beatles Albums (Redux)
Published
Trending Quizzes
Risky Map Clicking: Least Populous States A-Z
1-10 Letter G Words
1-10 Letter F Words
Countries of the World: 200 Million BC
Risky Map Clicking: Next State Alphabetically
Recently Updated
Rides in Walt Disney World
pecheneg
Most Oscar Losses (Acting)
pecheneg
Beyoncé Albums
pecheneg
Leaping Animals
pecheneg
Reality TV Shows (A-Z)
bhenderson79
Rickey Henderson's Hall of Fame Teammates
pecheneg
Champions League XIs: Arsenal
pecheneg
Quick Pick: Celebrities in WWE's Hall of Fame
aduchscher
A-Z Keypad Blitz II
pecheneg
Trending Topics
Kpop
Crossword
Marvel
Disney
Anime
NBA
Harry Potter
WWE
Soccer
NFL
Pokémon
The Office
Country
Song
Puzzle
Your Account Isn't Verified!
In order to create a playlist on Sporcle, you need to verify the email address you used during registration. Go to your
Sporcle Settings
to finish the process.
Report this User
Report this user for behavior that violates our
Community Guidelines
.
Details:
Send Report
Go to the Sporcle.com Mobile Site →
Comments